Những người thợ xẻ
Sự hấp dẫn của phim được thể hiện khi khai thác thế mạnh của ngôn ngữ hình ảnh với tiết tấu nhanh, dồn dập, quá khứ và hiện tại đan xen rất ngọt qua phần dựng phim chứa đựng nhiều ý tưởng, nhiều chủ đề lớn nhỏ đan cài: Thiện và á...
में बचाया:
| स्वरूप: | पुस्तक |
|---|---|
| भाषा: | Undetermined |
| प्रकाशित: |
Thành phố Hồ Chí Minh
Phương Nam phim
2005
|
| विषय: | |
| टैग : |
टैग जोड़ें
कोई टैग नहीं, इस रिकॉर्ड को टैग करने वाले पहले व्यक्ति बनें!
|
| Thư viện lưu trữ: | Trung tâm Học liệu Trường Đại học Cần Thơ |
|---|
| LEADER | 01214nam a2200193Ia 4500 | ||
|---|---|---|---|
| 001 | CTU_215110 | ||
| 008 | 210402s9999 xx 000 0 und d | ||
| 020 | |c 42000 | ||
| 082 | |a 791.43 | ||
| 082 | |b Nh556 | ||
| 245 | 0 | |a Những người thợ xẻ | |
| 245 | 0 | |c Vương Đức (Đạo diễn) | |
| 260 | |a Thành phố Hồ Chí Minh | ||
| 260 | |b Phương Nam phim | ||
| 260 | |c 2005 | ||
| 520 | |a Sự hấp dẫn của phim được thể hiện khi khai thác thế mạnh của ngôn ngữ hình ảnh với tiết tấu nhanh, dồn dập, quá khứ và hiện tại đan xen rất ngọt qua phần dựng phim chứa đựng nhiều ý tưởng, nhiều chủ đề lớn nhỏ đan cài: Thiện và ác, luật nhân quả, tình yêu và những rung cảm đầu đời trong sáng… Một hiện thực vô cùng nghiệt ngã trong cuộc vất vả mưu sinh, trong những mánh lới lừa lọc, ma mãnh… của cánh thợ xẻ. | ||
| 650 | |a Phim điện ảnh,Motion pictures | ||
| 904 | |i Tuyến | ||
| 980 | |a Trung tâm Học liệu Trường Đại học Cần Thơ | ||